00220nam a2200085 45000820010000002420065000102450019000752600029000943000011001230 a225.500aGenesis and the New Testament in the Murle language of Sudan11aZɔɔz o joowo bThe Bible Leaguecc.1996 a730 p.